LEADER 01676nam 2200373Ia 450 001 996387084103316 005 20200824132054.0 035 $a(CKB)4940000000083480 035 $a(EEBO)2240856784 035 $a(OCoLC)ocm19680548e 035 $a(OCoLC)19680548 035 $a(EXLCZ)994940000000083480 100 $a19890509d1653 uy | 101 0 $aeng 135 $aurbn||||a|bb| 200 10$aMedicina diastatica, or, Sympatheticall mumie$b[electronic resource] $econtaining many mysterious and hidden secrets in philosophy and physick, by the [brace] construction, extraction, transplantation and application [brace] of microcosmical & spiritual mumie : teaching the magneticall cure of diseases at distance, &c. /$fabstracted from the works of Dr. Theophr. Paracelsus by the labour and industry of Andrea Tentzelius ... ; translated out of the Latine by Ferdinando Parkhurst .. 210 $aLondon $cPrinted by T. Newcomb for T. Heath, and are to be sold at his shop ...$d1653 215 $a[24], 128 p 300 $aImperfect: tightly bound, with slight loss of print. 300 $aReproduction of original in the Bodleian Library. 330 $aeebo-0014 606 $aMedicine$vEarly works to 1800 606 $aMedicine, Magic, mystic, and spagiric 615 0$aMedicine 615 0$aMedicine, Magic, mystic, and spagiric. 700 $aParacelsus$f1493-1541.$0160727 701 $aTentzel$b Andreas$0796205 701 $aParkhurst$b Ferdinando$ffl. 1660.$01010731 801 1$bEAF 801 2$bWaOLN 906 $aBOOK 912 $a996387084103316 996 $aMedicina diastatica, or, Sympatheticall mumie$92339180 997 $aUNISA LEADER 03601nam 22007335 450 001 9910255306403321 005 20251030105640.0 010 $a9781137590107 010 $a1137590106 024 7 $a10.1057/978-1-137-59010-7 035 $a(CKB)3710000000718214 035 $a(DE-He213)978-1-137-59010-7 035 $a(MiAaPQ)EBC4720656 035 $a(PPN)240426916 035 $a(Perlego)3490944 035 $a(EXLCZ)993710000000718214 100 $a20160531d2016 u| 0 101 0 $aeng 135 $aurnn#008mamaa 181 $ctxt$2rdacontent 182 $cc$2rdamedia 183 $acr$2rdacarrier 200 10$aAusterity Politics and UK Economic Policy /$fby Craig Berry 205 $a1st ed. 2016. 210 1$aLondon :$cPalgrave Macmillan UK :$cImprint: Palgrave Macmillan,$d2016. 215 $a1 online resource (XII, 116 p.) 225 1 $aBuilding a Sustainable Political Economy: SPERI Research & Policy,$x2946-3408 311 08$a9781137590091 311 08$a1137590092 320 $aIncludes bibliographical references at the end of each chapters and index. 327 $a1. Introduction: Austerity and Growth -- 2. Financialisation and the Property-Owning Democracy -- 3. Industrial Decline and the Myth of Rebalancing -- 4. Welfare Retrenchment and the Perversion of Full Employment -- 5. Deficit Reduction and Budget Irresponsibility -- 6. What's Left? -- 7. Conclusion -- . 330 $aCraig Berry assesses UK economic policy in the wake of the financial crisis through the lens of the austerity agenda, focusing on monetary policy, economic rebalancing, industrial and regional policy, the labour market, welfare reform and budgetary management. He argues that austerity is geared towards a resurrection of financialisation and the UK?s pre-crisis economic model, through the transformation of individual behaviour and demonisation of the state. Cutting public spending and debt in the short term is, at most, a secondary concern for the UK policy elite. However, the underlying purpose of austerity is frequently misunderstood due to its conflation with a narrow deficit reduction agenda, not least by its Keynesian critics. Berry also demonstrates how austerity has effectively dismantled the prospect of a centre-left alternative to neoliberalism. 410 0$aBuilding a Sustainable Political Economy: SPERI Research & Policy,$x2946-3408 606 $aInternational economic relations 606 $aWorld politics 606 $aAdministrative law 606 $aPolitical planning 606 $aPublic administration 606 $aPolitical science 606 $aInternational Political Economy? 606 $aPolitical History 606 $aAdministrative Law 606 $aPublic Policy 606 $aPublic Administration 606 $aPolitical Science 615 0$aInternational economic relations. 615 0$aWorld politics. 615 0$aAdministrative law. 615 0$aPolitical planning. 615 0$aPublic administration. 615 0$aPolitical science. 615 14$aInternational Political Economy?. 615 24$aPolitical History. 615 24$aAdministrative Law. 615 24$aPublic Policy. 615 24$aPublic Administration. 615 24$aPolitical Science. 676 $a320.941 700 $aBerry$b Craig$4aut$4http://id.loc.gov/vocabulary/relators/aut$0790248 712 02$aSheffield Political Economy and Research Institute. 906 $aBOOK 912 $a9910255306403321 996 $aAusterity politics and UK economic policy$91764155 997 $aUNINA